000 00522nam a2200169Ia 4500
003 GCL
008 140319s9999 xx 000 0 ara d
040 _aGCL /
_cGCL
082 0 4 _a415
_bل د
100 1 _aلطيفة ابراهيم النجار
245 1 0 _aدور البنية الصرفية : فى وصف الظاهرة النحوية وتقعيدها /
_cلطيفة ابراهيم النجار
300 _a228 ص
490 _a
650 0 4 _aالنحو
650 0 4 _aاللغة العربية
942 _2ddc
_cBK
999 _c39807
_d39807